000 00533nam a2200157 i 4500
001 67870
003 ES-MaACL
007 t|
008 040216s1954 sp ||||1| spa d
100 0 _aGallego y Burín, Alberto
_953593
245 1 0 _aAdministración local
_b: manual de Derecho secretarial : (adaptado a la novísima legislación) /
_cpor Alberto Gallego Burín.
260 _aMadrid :
_b[s.n.,
_c1954] (
_fGráfs. Uguina)
300 _a492 p. ;
_c25 cm.
852 _aES-MaACL
_jC-6500
_bR.35828
999 _c67870
_d67870